Missing Word: Greatest Band Names Quiz Stats

 Plays Quiz Updated Mar 4, 2016

Challenge
Share
Tweet
Embed
Score 0/20 Timer 02:00
0 Plays Today
Band Missing Word % Correct
____ ZeppelinLed
98.2%
The ____ PistolsSex
95.6%
Spinal ____Tap
90.6%
Rage ____ the MachineAgainst
89.6%
____ Öyster CultBlue
88.8%
Queens of the Stone ____Age
78.9%
____ KennedysDead
78.5%
Lynyrd ____Skynyrd
77.7%
The Flaming ____Lips
62.4%
The Jesus and ____ ChainMary
58%
Band Missing Word % Correct
____ DivisionJoy
57.6%
Mott the ____Hoople
56.5%
Dropkick ____Murphys
53.2%
____ & The BunnymenEcho
51.4%
Peaches and ____Herb
45.5%
Ugly ____ JoeKid
44.9%
____ Poppin’ DaddiesCherry
34.6%
____ MondaysHappy
23.8%
The Brian ____ MassacreJonestown
15.4%
Spooky ____Tooth
12.4%

Today's Daily Dose

Word Ladder
Homophones Ate

Quick Pick
RGB Colors

On This Day
August 18th II

You're not logged in!

Compare scores with friends on all Sporcle quizzes.
Join for Free
OR
Log In

You Might Also Like...

Show Comments

Extras

Top Quizzes Today


Score Distribution

Your Account Isn't Verified!

In order to create a playlist on Sporcle, you need to verify the email address you used during registration. Go to your Sporcle Settings to finish the process.

Report this User

Report this user for behavior that violates our Community Guidelines.

Details: